000 00728nam a2200217Ii 4500
003 JO-AjNU
008 230605s9999||||xx |||||||||||||| ||und||
017 _a2009/8/3624
040 _aJO-AjNU
_bara
_erda
_cJO-AjNU
041 _aara
050 1 4 _aBP874.Q32 2009
100 3 _aالقضاة، أحمد مصطفى,
_eauthor
_945528
245 0 0 _aأحكام الثمار في الفقه الإسلامي بيعا وزكاة
250 _aط1
264 3 1 _aعمان: المؤلف، 2009
300 _a87ص
_bالمراجع ص 81-86
336 _atext
_btxt
_2rdacontent
337 _aunmediated
_bn
_2rdamedia
338 _avolume
_bnc
_2rdacarrier
650 4 _aعقود البيع- الزراعة- فقه اسلامي
_945529
999 _aA19743
_c23311
_d23311